[Event "Stuttgart-chA int"]
[Site "Ditzingen"]
[Date "2015.05.17"]
[Round "7"]
[White "Ikonnikov, Vyacheslav"]
[Black "Bosiocic, Marin"]
[Result "0-1"]
[WhiteElo "2560"]
[BlackElo "2563"]
[Annotator "Gutman,L"]
[PlyCount "138"]
[EventDate "2015.05.14"]
[EventType "swiss"]
[EventRounds "7"]
[EventCountry "GER"]
[SourceTitle "EXT 2016"]
[Source "ChessBase"]
[SourceDate "2015.10.08"]
[SourceVersion "1"]
[SourceVersionDate "2015.10.08"]
[SourceQuality "1"]

1. d4 Nf6 2. Nf3 e6 3. c4 c5 4. Nc3 cxd4 5. Nxd4 Bb4 6. Bd2 (6. g3 $5 {gefällt
mir besser, auch wenn} O-O 7. Bg2 d5 8. cxd5 Nxd5 9. Qb3 Nc6 {Schwarz Erfolg
brachte in Carlsen-Naiditsch, Tromso Olympiad 2014}) 6... O-O 7. e3 Nc6 8. a3
Bc5 9. Nb3 ({Nach} 9. Nf3 d5 10. b4 Bd6 11. Nb5 Bb8 12. cxd5 exd5 13. Bc3 Ne4
$15 {stand Schwarz etwas besser in Lajthajm-Ivanisevic, Ulcinj 2014}) 9... Be7
({Auch} 9... Bb6 10. c5 Bc7 11. Nb5 d5 12. cxd6 Bxd6 13. Nxd6 Qxd6 14. Bc3 Qe7
{ist zu beachten, Donchenko-De Jong, Groningen 2011}) 10. Be2 b6 ({Nichts
sprach gegen} 10... d5 $5 11. cxd5 exd5 12. O-O Be6 13. Nb5 Qb6 {, doch
bevorzugt Bosiocic die Igel-Struktur.}) 11. O-O Bb7 12. e4 d6 13. Be3 Rc8 14.
f4 Nd7 15. Bd3 Nc5 16. Nxc5 bxc5 ({Einiges sprach für} 16... dxc5 $5 17. e5 Nd4
) 17. Rb1 Ba8 18. Ne2 Qa5 19. Bd2 Qb6 20. Kh1 Na5 $5 ({Schwarz musste wegen
der Turniersituation auf Gewinn spielen, zum Ausgleich reichte} 20... Rb8 21.
b4 Qc7) ({oder} 20... a5 21. Bc3 Rb8) 21. Bc3 ({Weiß verzichtet zurecht auf} 
21. b4 cxb4 22. Rxb4 {wegen} Qc7 23. Nd4 Nb7 24. Nb5 Qb6 25. Qe2 Nc5 $15) 21...
Nb3 22. Bc2 Rb8 23. Rf3 Na5 $2 ({Der erster Fehler. Notwendig war} 23... g6)
24. Rg3 ({Weiß verpasst} 24. Qd3 $1 {mit Vorteil, etwa} e5 (24... g6 25. b4)
25. fxe5 dxe5 26. Bxe5 Rbd8 27. Qc3 f6 28. Bg3 $16) 24... g6 25. b3 f5 $2 ({
Völlig unbegründete Aktivität, vorsichtiger war} 25... Nc6 $11) 26. exf5 exf5
27. Ng1 $2 ({Auf der Hand lag} 27. Qd2 Nc6 28. b4 $16) 27... Bf6 28. Bxf5 ({
Zum Ausgleich reichte} 28. Bxf6 Rxf6 29. Qe2 d5 30. Qe5 Rd8 31. Bxf5 Qd6 32.
Bg4 Qxe5 33. fxe5 Rb6) 28... Bxc3 29. Be6+ Kh8 30. Rxc3 Rxf4 31. Nf3 $6 ({
Solider erscheint} 31. Re3 Qd8 $11) 31... Rbf8 ({Stärker war} 31... Be4 $5 32.
Rb2 Qd8) 32. Rd3 $6 ({Nun sollte} 32. Bd5 Bxd5 33. Qxd5 R4f5 $11 {zum Remis
führen.}) 32... Be4 33. Rxd6 Qb8 34. Rd3 Nc6 35. Bd5 Bxd3 36. Qxd3 Nd4 37. Qc3
Qd6 $6 ({Bessere Chancen sicherte} 37... Qe5 $5 38. Re1 Qf6 $15) 38. b4 Qf6 $2
({Immer noch war} 38... Qe5 $5 {vorzuziehen}) 39. bxc5 g5 40. h3 g4 41. hxg4 $2
({Der letzter Zug in Zeitnot, nach} 41. Nxd4 Rxd4 42. Re1 $14 {hätte Schwarz
um remis kämpfen müssen.}) 41... Rxg4 42. Rf1 ({Zum Ausgleich führte} 42. Rd1
Qh6+ 43. Kg1 Qh3 44. Qb2 Rxg2+ 45. Qxg2 Nxf3+ 46. Bxf3 Rg8 47. Qxg8+ Kxg8 48.
Rd3 Qg3+ $11) 42... Rf4 43. Re1 (43. Rd1 $5 {war objektiv angebracht.}) 43...
a5 $6 ({Und hier} 43... Rc8 $5) 44. Re3 Nxf3 45. Qxf6+ R8xf6 46. Re8+ $2 ({
Dieses unnötige Schach bringt Weiß in eine kritische Lage, besser war} 46. gxf3
Rg6 47. Re4 Rxe4 48. fxe4 Rg7 49. c6 Re7 50. Kg2 Kg7 51. Kf3 Kf8 $11) 46... Rf8
47. Rxf8+ Rxf8 48. Bxf3 Rc8 49. c6 Kg7 50. Kg1 Kf6 51. Kf2 Ke7 52. Ke3 Kd6 53.
Kd4 Rb8 54. c5+ Kc7 55. Kc4 h6 56. Be4 Re8 57. Bf3 Rb8 58. Be4 Rb2 59. Kc3 Re2
60. Bf3 Re3+ 61. Kc4 Rxa3 62. Kb5 Ra1 63. Be4 h5 64. Bf3 h4 65. Be4 a4 66. Bf3
a3 67. Kb4 a2 68. Kb3 Rf1 69. Kxa2 Rxf3 0-1

[Event "Linares-03"]
[Site "Linares"]
[Date "1981.01.24"]
[Round "6"]
[White "Ribli, Zoltan"]
[Black "Ljubojevic, Ljubomir"]
[Result "1/2-1/2"]
[WhiteElo "2585"]
[BlackElo "2605"]
[Annotator "Kharitonov,A"]
[PlyCount "27"]
[EventDate "1981.01.17"]
[EventType "tourn"]
[EventRounds "11"]
[EventCountry "ESP"]
[EventCategory "13"]
[SourceTitle "MCL"]
[Source "ChessBase"]
[SourceDate "1999.07.01"]
[SourceVersion "1"]
[SourceVersionDate "1999.07.01"]
[SourceQuality "1"]

1. d4 Nf6 2. c4 e6 3. Nf3 c5 4. g3 a6 (4... cxd4 5. Nxd4 Bb4+ (5... d5) (5...
a6) 6. Bd2 Qb6 7. Bxb4 Qxb4+ 8. Nc3 Qxc4 9. e4 Qc5 10. Nb3 Qe7 11. e5 $44 {
Zilberstein,V-Alburt,L/Odessa/1972/1:0 (52)/}) 5. Nc3 (5. Bg2 cxd4 6. Nxd4 Qc7
7. b3 $14 (7. Nd2 $5)) (5. Bg2 b5 $5 $13) 5... cxd4 6. Nxd4 Qc7 7. Qd3 (7. Bg5
$5 Bb4 (7... Qxc4 8. Rc1 Qb4 9. a3 Qa5 $8 10. Bxf6 gxf6 11. Bg2 $44) 8. Bxf6
gxf6 9. Rc1 b6 10. Bg2 Bb7 11. Bxb7 Qxb7 12. O-O Nc6 13. Nxc6 Qxc6 14. Qd4 Bxc3
15. Rxc3 Ke7 16. Rd1 Rhd8 17. Qh4 $16 {Rashkovsky,N-Vaganian,R/URS(ch)1976/1:0
(39)/}) 7... Nc6 8. Nxc6 dxc6 (8... Qxc6 $5 9. e4 Bb4 10. f3 $13) 9. Bg2 e5 $10
10. O-O Be6 11. b3 Rd8 12. Qc2 Be7 13. Bb2 O-O 14. Rad1 (14. Rad1 Rxd1 15. Rxd1
Rd8 $10) 1/2-1/2

[Event "POL-ch 62nd"]
[Site "Poznan"]
[Date "2005.05.05"]
[Round "13"]
[White "Miton, Kamil"]
[Black "Wojtaszek, Radoslaw"]
[Result "0-1"]
[WhiteElo "2592"]
[BlackElo "2569"]
[Annotator "Konikowski,J"]
[PlyCount "118"]
[EventDate "2005.04.21"]
[EventType "tourn"]
[EventRounds "13"]
[EventCountry "POL"]
[EventCategory "12"]
[SourceTitle "CBM 107"]
[Source "ChessBase"]
[SourceDate "2005.08.01"]
[SourceVersion "1"]
[SourceVersionDate "2005.08.01"]
[SourceQuality "1"]

1. d4 Nf6 2. c4 e6 3. Nf3 c5 4. g3 cxd4 5. Nxd4 a6 6. Bg2 Qc7 7. Nd2 Nc6 8. e3
$146 {[%mdl 8]} (8. Nc2 d5 9. cxd5 exd5 10. O-O Be7 11. b3 O-O 12. Bb2 Rd8 13.
Nd4 Nxd4 14. Bxd4 Bf5 15. Nf3 Ne4 16. e3 Ba3 17. Nh4 Qd7 18. Nxf5 Qxf5 19. Qe2
Rac8 $11 {Fatalibekova,E-Levitina,I/Riga 1975/}) (8. Nxc6 bxc6 (8... dxc6 9.
O-O Be7 10. Nf3 e5 11. Qc2 O-O 12. b3 Re8 13. Bb2 Bc5 14. Bc3 Bg4 15. b4 Bf8
16. h3 Bxf3 17. Bxf3 c5 $132 {Razuvaev,Y-Peev,P/Cienfuegos 1976/}) 9. O-O Bb7
10. b3 c5 11. e4 Be7 12. Bb2 d6 13. Qe2 O-O 14. f4 Nd7 15. g4 Rae8 16. g5 e5
17. Qh5 Qd8 18. Rf3 Bc8 19. Raf1 Nb8 20. Bh3 $40 {Nikolac,J-Christiansen,L/
Germany 1988/}) 8... Be7 9. O-O O-O 10. N2b3 d6 11. Nxc6 bxc6 12. Bd2 a5 13.
Nd4 Bd7 14. Qc2 Rfc8 15. Rfc1 Rab8 16. Rab1 Bd8 (16... c5 $5) 17. Qd3 Qa7 18.
Nf3 Be7 19. Bc3 Qa6 20. Rd1 (20. Ng5 $5 e5 21. f4 h6 22. fxe5 dxe5 23. Bxe5
hxg5 24. Bxf6 Bxf6 25. Qxd7 Rxb2 (25... Bxb2 26. Rf1 Bf6 27. Rxb8 Rxb8 28. Qxc6
$16) 26. Rxb2 Bxb2 27. Rb1 Be5 28. Rb6 $1 Qa8 (28... Qxb6 29. Qxc8+ Kh7 30.
Qf5+ $18) 29. Rb7 Rf8 30. Bxc6 $16) 20... h6 (20... e5 $5) 21. e4 (21. Bxf6
gxf6 $13) 21... Be8 $6 (21... e5 $142 22. c5 Qxd3 23. Rxd3 Nxe4 24. cxd6 Nxc3
25. dxe7 (25. Rxc3 Bf5 26. Rd1 Bf6 $15) 25... Bf5 26. Rd8+ Rxd8 27. exd8=Q+
Rxd8 28. Re1 Nxa2 29. Nxe5 Nb4 30. Nxc6 Nxc6 31. Bxc6 $11) 22. h3 (22. e5 $5
dxe5 23. Nxe5 $16) 22... Nd7 23. Bf1 (23. e5 $5) 23... Nc5 24. Qc2 e5 25. Rd2
Qa7 26. Rbd1 Qc7 27. Ne1 Ne6 28. Ng2 Rd8 29. h4 h5 30. Ne3 g6 31. Re1 Nd4 32.
Qd1 Bf6 33. Bh3 Bg7 34. Rd3 $2 (34. Nc2 $142 $5 c5 (34... Nxc2 35. Qxc2 $14)
35. Ne3 Bc6 36. Nd5 $14) 34... a4 35. Kg2 Qa7 36. Kh1 c5 37. Bg2 Bc6 38. Rf1
Qb7 39. f3 Rf8 40. Kh2 Qe7 (40... f5 $5 $36) 41. Bh3 (41. Nd5 Bxd5 42. exd5 f5
$15) 41... Bh6 42. Rf2 Rb7 43. Nd5 Bxd5 44. cxd5 Qe8 45. a3 f5 46. Bxd4 cxd4
47. exf5 Be3 48. Rg2 gxf5 49. Qc2 Rg7 50. Rd1 (50. Bxf5 Rxf5 51. Rxe3 Qf8 52.
Rd3 Rxf3 53. Rxf3 Qxf3 54. Qxa4 d3 $17 55. Qc4 e4 56. Qd4 Qf5 57. b4 Re7 $15)
50... Qg6 (50... Qf7 $142) 51. Qxa4 Qf6 (51... Bf2 $5) 52. Qc2 Kh8 (52... f4
$142 $5) 53. b4 $4 {[%mdl 8192]} (53. Kh1 $142 $5) 53... e4 $1 54. f4 d3 55.
Qb3 Rfg8 56. Rf1 Rc7 57. a4 Qg6 58. Re1 (58. Kh1 Rgc8 59. a5 Rc1 60. Rxc1 Rxc1+
61. Kh2 Qf6 $19) 58... Bd4 59. a5 Rc2 $1 0-1

[Event "Bundesliga 0405"]
[Site "Germany"]
[Date "2004.11.27"]
[Round "3.2"]
[White "Macieja, Bartlomiej"]
[Black "Naiditsch, Arkadij"]
[Result "1-0"]
[WhiteElo "2613"]
[BlackElo "2611"]
[Annotator "Konikowski,J"]
[PlyCount "49"]
[EventDate "2004.11.12"]
[EventType "team-tourn"]
[EventRounds "15"]
[EventCountry "GER"]
[SourceTitle "CBM 105"]
[Source "ChessBase"]
[SourceDate "2005.04.11"]
[SourceVersion "1"]
[SourceVersionDate "2005.04.11"]
[SourceQuality "1"]
[WhiteTeam "Wattenscheid"]
[BlackTeam "Katernberg"]
[WhiteTeamCountry "GER"]
[BlackTeamCountry "GER"]

1. d4 Nf6 2. Nf3 c5 3. c4 e6 4. Nc3 cxd4 5. Nxd4 d5 6. e3 Be7 7. Be2 (7. Bd2
O-O 8. Qc2 Nc6 9. Nxc6 bxc6 10. Be2 Bd7 11. O-O Qc7 12. Rac1 Rfb8 13. cxd5 cxd5
$4 (13... exd5 $8) 14. Nxd5 Nxd5 15. Qxc7 Nxc7 16. Rxc7 $18 {Ellinger,
H-Wojewodka,A/Rommelshausen 2002/}) 7... dxc4 8. Bxc4 Bd7 $146 {[%mdl 8]} (8...
O-O 9. O-O e5 10. Ndb5 a6 11. Qxd8 Rxd8 12. Nc7 Ra7 13. N7d5 b5 14. Nxf6+ gxf6
15. Bb3 Be6 16. e4 Nc6 {1/2-1/2 Litmanowicz,M-Jurczynska,A/Augustow 1975/}) 9.
O-O Nc6 10. e4 a6 11. a3 O-O (11... Qc7 $5 12. Nxc6 (12. Ba2 Nxd4 13. Qxd4 Bd6
14. h3 Be5 $17) 12... Bxc6 13. Qe2 O-O 14. e5 Nd7 15. Bf4 Rfd8 $13) 12. Bf4 b5
$2 (12... Rc8 $142 $5) 13. Ba2 Qb6 14. Nf3 {[%cal Ye4e5]} Rfd8 15. e5 Bc8 16.
Qe2 Nd5 17. Nxd5 exd5 18. Rad1 Be6 19. Ng5 Bxg5 20. Bxg5 Rd7 21. Kh1 d4 (21...
Re8 22. f4 d4 23. Bb1 $16) 22. Bb1 $1 Bc4 (22... h6 23. Bh4 Re8 24. Qe4 g6 25.
Bf6 Bc4 26. Qh4 Nxe5 27. Rfe1 Re6 28. Bxe5 Rde7 29. f4 f6 30. Bxg6 fxe5 31. Bf5
Rf6 32. fxe5 Rff7 33. Re4 $40) 23. Qg4 $18 Raa7 (23... Be6 24. Qg3 Kh8 25. Qh4
h6 26. Bf6 Kg8 27. Qg3 g6 28. Bxg6 fxg6 29. Qxg6+ Kf8 30. Qxh6+ Ke8 31. Qh8+
Kf7 32. Qxa8 $18) 24. Bxh7+ $1 {[%mdl 512]} Kf8 (24... Kxh7 25. Bf6 $18) 25.
Bf6 $1 (25. Bf6 g6 (25... gxf6 26. exf6 $18) 26. Rfe1 $18) 1-0

[Event "Interpolis-03"]
[Site "Tilburg"]
[Date "1979.11.03"]
[Round "3"]
[White "Karpov, Anatoly"]
[Black "Romanishin, Oleg M"]
[Result "1/2-1/2"]
[WhiteElo "2705"]
[BlackElo "2560"]
[Annotator "Krnic,Z"]
[PlyCount "68"]
[EventDate "1979.11.01"]
[EventType "tourn"]
[EventRounds "11"]
[EventCountry "NED"]
[EventCategory "15"]
[SourceTitle "MCL"]
[Source "ChessBase"]
[SourceDate "1999.07.01"]
[SourceVersion "1"]
[SourceVersionDate "1999.07.01"]
[SourceQuality "1"]

1. d4 Nf6 2. c4 e6 3. g3 c5 4. Nf3 cxd4 5. Nxd4 Qa5+ $5 6. Nd2 (6. Nc3 Ne4 7.
Qc2 Nxc3 8. bxc3) 6... Nc6 7. N4b3 Qh5 (7... Qd8 8. Bg2 d5 9. cxd5 exd5) 8. Bg2
d5 9. O-O Be7 10. e4 $1 (10. cxd5 $6 exd5) 10... Qxd1 11. Rxd1 d4 $1 (11...
dxe4 $6 12. Nxe4 Nxe4 (12... O-O 13. Nec5 $16) 13. Bxe4 Bd7 {/\0-0-0} 14. Be3
$1 $16) (11... dxc4 $6 12. Nxc4 O-O 13. Bf4 $16) 12. e5 (12. f4 e5 $1) 12...
Nxe5 13. Nxd4 O-O 14. f4 Nd3 15. N2b3 Nc5 $1 (15... Nxc1 16. Raxc1 $16 {׫})
16. h3 Bd7 $1 17. Be3 (17. Nxc5 Bxc5 18. Bxb7 $2 (18. Be3 Rfd8 $10) 18... Rad8
(18... Rab8 19. Bf3 $1 (19. Bg2 Rfd8 $1 {/\20... La4} 20. b3 (20. Be3 Rxb2 $17)
20... e5 $1 21. fxe5 Bg4 $1 $19) 19... Rfd8 20. Kg2 Ba4 21. Nb3 $16) 19. Be3 (
19. b3 $2 Bc8 $19) (19. Kg2 $2 Ba4 $19) 19... Rb8 {/\20... Tb2-/+}) 17... Rac8
18. Rac1 b6 $10 19. Nxc5 Bxc5 20. Kf2 Rfe8 21. Nb5 (21. Nb3 Bxe3+ 22. Kxe3 Ba4
$10) 21... Bxe3+ 22. Kxe3 Nd5+ $1 (22... Bxb5 23. cxb5 $16 Nd5+ 24. Bxd5 exd5+
25. Kd4 Re4+ (25... Rcd8 26. Re1) 26. Kxd5 Rce8 27. Rc7 {/\Kc6+-}) 23. Kf2 Bxb5
24. cxb5 Kf8 25. Rc6 (25. Rxc8 Rxc8 26. Bxd5 exd5 27. Rxd5 Rc2+) (25. a3 Rxc1
26. Rxc1 Ke7 27. Bxd5 exd5 28. Rc7+ Kd6 29. Rxf7 d4) 25... Rxc6 26. bxc6 Rc8
27. Bxd5 exd5 28. Rc1 (28. Rxd5 Rxc6 29. Rd2 $10) 28... Ke7 29. b4 a6 30. a4 b5
31. axb5 axb5 32. Rc5 Kd6 33. Rxb5 Rxc6 34. Rb7 Ke6 1/2-1/2

[Event "Dos Hermanas"]
[Site "Dos Hermanas"]
[Date "1995.??.??"]
[Round "7"]
[White "Salov, Valery"]
[Black "Lautier, Joel"]
[Result "0-1"]
[WhiteElo "2715"]
[BlackElo "2655"]
[Annotator "Lautier,J"]
[PlyCount "92"]
[EventDate "1995.04.??"]
[EventType "tourn"]
[EventRounds "9"]
[EventCountry "ESP"]
[EventCategory "18"]
[SourceTitle "CBM 047"]
[Source "ChessBase"]
[SourceDate "1995.08.01"]
[SourceVersion "1"]
[SourceVersionDate "1995.08.01"]
[SourceQuality "1"]

1. Nf3 c5 2. c4 Nf6 3. Nc3 e6 4. d4 cxd4 5. Nxd4 Bb4 6. Bd2 O-O 7. a3 Bc5 $5
$146 8. Nb3 (8. Bg5 $5) 8... Be7 9. g3 d5 (9... Qc7 10. Rc1 Qc6 (10... Qxc4 $2
11. e4 $16) 11. f3 a6 12. e4 d6 13. Be3 $14) 10. cxd5 exd5 11. Be3 (11. Bg2 Nc6
(11... d4 12. Nb5 Nc6 (12... d3 $2 13. Ba5 $1 $16) 13. Bf4 Nd5 14. N3xd4 Nxf4
15. gxf4 Nxd4 16. Qxd4 Qxd4 17. Nxd4 Bf6 18. Rd1 Rd8 19. e3 Bg4 20. f3 Bxd4 21.
exd4 Be6 22. Kf2 Rac8 23. Rd2 $14) 12. Be3 {see the game} (12. O-O $6 d4 $15))
11... Nc6 12. Bg2 Be6 13. O-O Rc8 14. Nb5 (14. Rc1 $5) 14... Ne4 15. N3d4 (15.
Bxa7 $2 b6 $17) 15... Bd7 $1 16. Rc1 (16. Nxc6 $6 bxc6 17. Nxa7 $2 Rc7 $1 (
17... Ra8 $2 18. Rc1) 18. Bb6 Qb8 19. Bxc7 Qxc7 20. Bxe4 dxe4 21. Qa4 (21. Qd4
c5 (21... Ra8 $2 22. Qxe4 Bf6 23. Nb5 $18) 22. Qxe4 Bf6 $17) 21... c5 22. Qxe4
(22. Qa6 Ra8 23. Nb5 $2 Qb8 $19) (22. Nb5 Qb7 23. Qa7 Qxa7 24. Nxa7 Ra8 $17)
22... Bf6 $17) 16... Ne5 $1 (16... a6 $2 17. Nxc6 bxc6 18. Na7 $1 Rc7 19. Bb6
Qb8 20. Bxc7 Qxc7 21. Qxd5 $1 Nf6 22. Nxc6 $18) 17. Rxc8 Qxc8 18. Nf5 $1 (18.
Nxa7 Qc4 $1 $44 {/\ Ra8, /\ Qa6}) 18... Bf6 $6 (18... Bxf5 19. Qxd5 Ng4 $1 (
19... Bf6 $2 20. Bxe4 $16) (19... Qb8 $2 20. Bxa7 $16 (20. Bxe4 Rd8 21. Qxb7
Bxe4 22. Qxe7 Re8 23. Qb4 $16)) (19... Qd7 $2 20. Bxe4 (20. Qxe5 $4 Bf6 21. Qf4
g5 22. Qf3 Qxb5 $19) 20... Bxe4 21. Qxe5 $16) 20. Bxe4 Nxe3 21. fxe3 Bxe4 22.
Qxe4 Qd7 23. Nd4 Bf6 $13) 19. Qxd5 (19. Nfd6 $4 Nxd6 20. Nxd6 Qb8 21. Qxd5 (21.
Bxd5 $2 Qxd6 $19) 21... Bc6 22. Qc5 (22. Qd2 Bxg2 23. Kxg2 Rd8 24. Rd1 Be7 25.
Bc5 b6 26. Bb4 a5 $19) 22... b6 23. Qb4 Bxg2 24. Kxg2 Be7 25. Rd1 Rd8 $19)
19... Bxb5 20. Qxe4 $6 (20. Qxe5 $1 Bxe5 (20... Bc6 $2 21. Qxf6 $1 $18) 21.
Ne7+ Kh8 22. Nxc8 Rxc8 23. Bxe4 b6 (23... Bxe2 24. Bxb7 $1 (24. Re1 Ba6 25.
Bxa7 Bxb2 $10) 24... Rb8 (24... Rc2 25. Rc1 $16) 25. Rc1 $1 (25. Re1 Rxb7 26.
Rxe2 Rxb2 27. Rxb2 Bxb2 28. a4 a6 $10) 25... Bg4 (25... Bxb2 $2 26. Rc2 $1 Bxa3
27. Rxe2 Rxb7 28. Bc5 $18) 26. Be4 $1 Bxb2 27. Rb1 Be5 28. Bxa7 $16) 24. Bf3 $1
Ba6 (24... Bxb2 $2 25. Rb1 Rc2 26. Be4 Rxe2 27. Bf3 Rc2 (27... Bd3 28. Rd1 $18)
28. Bd1 $18) (24... Rc2 25. Rc1 $1 $16) 25. Rd1 $1 Bxb2 26. Rd7 $16) 20... Bxe2
21. Rc1 Qd7 $1 22. Nd4 Ba6 23. b4 $6 $138 (23. b3 $10) 23... Nc4 $1 $15 24. Qd5
$6 (24. b5 Nxe3 25. fxe3 Bxb5 (25... Re8 $6 26. Qd5 Qxd5 27. Bxd5 Bxd4 28. exd4
Bxb5 29. Bxb7 $10) 26. Nxb5 (26. Qxb7 $2 Bxd4 27. exd4 Qxd4+ 28. Kh1 a6 $17)
26... Qxb5 27. Qxb7 $15) 24... Qxd5 25. Bxd5 Nxa3 26. Nf5 (26. Rc7 $2 Bxd4 27.
Bxd4 Nb5) 26... Nb5 27. Bc4 Bb2 $1 28. Rc2 $2 (28. Rf1 $8) 28... Na3 29. Rxb2
Nxc4 30. Ra2 Nxe3 31. Nxe3 Ra8 $1 $17 32. Ra5 $6 (32. Rc2 $142) 32... Be2 33.
Kg2 b6 34. Ra2 Bb5 35. Kf3 a5 36. Kf4 a4 37. Ra3 Rd8 38. Ke5 f6+ 39. Ke6 $2 Kf8
40. h4 $2 $138 Be8 $2 $138 (40... Rd4 {/\ Bd7#} 41. Nd5 Bc4 $19) 41. Rc3 Rd4
42. Rc8 a3 43. Nf5 (43. Nc2 a2 44. Ra8 Rd2 $19) 43... a2 44. Nxd4 (44. Ra8 a1=Q
$19) 44... a1=Q 45. Kd5 Qa2+ 46. Kd6 Qd2 0-1

[Event "AUT-chT 9899"]
[Site "Austria"]
[Date "1998.01.16"]
[Round "7"]
[White "Lautier, Joel"]
[Black "Ribli, Zoltan"]
[Result "1-0"]
[WhiteElo "2630"]
[BlackElo "2590"]
[Annotator "Lautier,J"]
[PlyCount "69"]
[EventDate "1998.??.??"]
[EventType "team"]
[EventRounds "11"]
[EventCountry "AUT"]
[SourceTitle "EXT 2000"]
[Source "ChessBase"]
[SourceDate "1999.11.16"]
[SourceVersion "1"]
[SourceVersionDate "1999.11.16"]
[SourceQuality "1"]

1. c4 c5 2. Nf3 Nf6 3. d4 cxd4 4. Nxd4 Nc6 5. g3 e6 6. Bg2 Qb6 7. Nc2 $1 Be7 8.
O-O O-O 9. e4 d6 10. Nc3 $14 a6 11. b3 Rb8 $146 {/\ Qa5, b5} 12. Bb2 Rd8 $6 (
12... Qa7 $5 {/\ b5}) 13. Kh1 $5 {/\ f4, g4-g5->>>} (13. Rc1 Qa5 14. a3 b5 15.
cxb5 axb5 16. b4 Qb6 17. Ne3 $14) 13... Qa5 14. Ne3 b5 15. f4 Bb7 16. g4 $1 $36
bxc4 17. g5 $1 (17. Nxc4 Qc7 18. g5 Nxe4 $1 (18... d5 $2 19. gxf6 dxc4 20. Qg4
Bxf6 21. Nd5 exd5 22. Bxf6 $16) 19. Nxe4 d5 20. Nf6+ Bxf6 $1 21. gxf6 (21. Bxf6
dxc4 (21... gxf6 $2 22. gxf6 dxc4 23. Qg4+ Kf8 24. Qg7+ Ke8 25. Qg8+ Kd7 26.
Qxf7+ Kc8 27. Qxe6+ Qd7 28. Qxc4 $16) 22. Bxd8 Rxd8 23. Qf3 Na5 $44) 21... dxc4
22. Qg4 g6 23. Qg5 Qd6 $13) 17... Nd7 (17... Nxe4 $2 18. Nxe4 d5 19. Nf6+ $1
gxf6 20. gxf6 Bf8 21. Rg1 $1 Kh8 22. Qh5 $1 Rd7 (22... c3 23. Be4 dxe4 24. Qxf7
$18) (22... d4 23. Qxf7 $18) (22... Qc7 23. Qg5 $1 h6 24. Qg4 $18) 23. Qg5 $1 {
/\ Be4} h6 24. Qg4 $18) 18. Nxc4 Qc7 19. Rc1 Bf8 20. Ne3 Nc5 21. Rc2 $1 {
/\ Rd2, >< d5, Qh5, Rf3-h3->} Ba8 22. Rd2 Nb4 23. Ba1 (23. Qh5 $2 Ncd3 24. Ba1
d5 $17) 23... a5 24. Qh5 g6 $2 (24... Ncd3 25. f5 (25. a3 d5 26. axb4 Nxf4 $44)
25... Ne5 26. fxe6 fxe6 27. Ng4 $14) 25. Qh4 Bg7 26. Ng4 $16 Nd7 (26... Bxc3 $2
27. Bxc3 Nxe4 28. Nf6+ Nxf6 29. Bxf6 $18) 27. Rf3 $6 (27. Ne2 $142 $16) 27...
Bxe4 $6 (27... d5 $1 $132) 28. Nxe4 Bxa1 29. Rd1 $6 (29. Rxd6 $36) 29... Qc2 $6
(29... d5 $1 $13) 30. Re1 $6 (30. Rxa1 Qxe4 31. f5 $1 exf5 32. Rxf5 $1 $18 {->}
) 30... Nd5 $4 $138 {Les noirs proposent nulle} (30... d5 $1 $13) 31. Rf2 $18
Qd3 32. Rxa1 Qd4 33. Re1 a4 34. Rd2 Qg7 35. Nxd6 1-0

[Event "Dortmund SuperGM 35th"]
[Site "Dortmund"]
[Date "2007.06.23"]
[Round "1"]
[White "Gelfand, Boris"]
[Black "Alekseev, Evgeny V"]
[Result "1/2-1/2"]
[WhiteElo "2733"]
[BlackElo "2679"]
[Annotator "Marin,M"]
[PlyCount "45"]
[EventDate "2007.06.23"]
[EventType "tourn"]
[EventRounds "7"]
[EventCountry "GER"]
[EventCategory "20"]
[SourceTitle "CBM 119"]
[Source "ChessBase"]
[SourceDate "2007.08.01"]
[SourceVersion "1"]
[SourceVersionDate "2007.08.01"]
[SourceQuality "1"]

1. d4 Nf6 2. c4 e6 3. g3 c5 4. Nf3 cxd4 5. Nxd4 Qc7 6. Nc3 a6 7. Bg2 {A gambit
variation with a kingside fianchetto, which perfectly suits Gelfand's style.}
Qxc4 8. O-O Nc6 9. Nb3 d5 10. Bf4 Be7 11. Rc1 Qb4 {White's advance in
development "should" offer him reasonable compensation for the pawn. However,
Black has virtually no weaknesses, which makes his position rather difficult
to crack. If he manages to somehow get his pieces out, his chances would be
simply better. Therefore, White is under the permanent stress generated by the
necessity of converting his initiative into something of a more stable
character.} 12. e4 $5 {A relatively rare move.} ({A comprehensive survey on} 
12. a3 {was published in the comments to the game Kornev,A (2567)-Balashov,Y 
(2526)/Krasnodar 2002/CBM 091/[Ribli] (1/2-1/2, 44)}) (12. Bc7 Bd8 $6 {This
move loses too much time.} (12... O-O $5) 13. Bxd8 Nxd8 14. e4 dxe4 15. Re1 O-O
16. Nxe4 Nxe4 17. Rxe4 $44 {Levit,R-Gurevich,D/Chicago 1989/EXT 99 (0-1, 41)})
12... dxe4 13. Bc7 Nd5 $146 (13... O-O 14. Re1 (14. a3 $5 Qc4 15. Nxe4 Qb5 16.
Re1 $44) 14... Nd5 15. Nxd5 (15. a3 Nxc3 16. Rxc3 Qb5 {would lead to similar
positions as in our main game.}) 15... exd5 16. Qxd5 Be6 17. Qxe4 Qxe4 18. Bxe4
Rac8 19. Bb6 Bf6 $6 (19... Rfe8 $1) 20. Bc5 (20. Nc5 $1 Bxb2 21. Nxe6 fxe6 22.
Rb1 Bf6 23. Rbd1 $44) 20... Rfe8 $11 {Parmentier,X (2347)-Ionescu,D (2406)/
Montpellier 2003/CBM 095 ext (1/2-1/2, 27)}) 14. a3 {Gelfand apparently
considered that the exposed position of the enemy queen was a big part of his
compensation.} ({He could have simplified the position with} 14. Nxd5 exd5 15.
Qxd5 Be6 16. Qxe4 Qxe4 17. Bxe4 Rc8 18. Bb6 O-O $11) 14... Nxc3 15. Rxc3 Qb5
16. Bxe4 O-O 17. Qc2 {A strong move, creating two deadly threats.} Qh5 {
However, Black can defend against both of them in a convenient way.} ({The
less obvious of them can be seen after} 17... h6 $2 18. Rxc6 $1 $18) 18. f4 {
White has reached what looks like a dead point. He cannot question the enemy
queen's stability easily, while the threat ...e5 followed by the development
of the queenside is quite irritating. Gelfand's last move prevents this plan
in a radical way, but weakens the kingside structure.} (18. Re1 {would have
been more restrained, but Black could have played} a5 {anyway, facing White
with similar problems as in the game.}) 18... a5 {Black wins space on the
qeenside, preparing for the eventual possibility of simplifications and
enabling an eventual development of the rook along the 5th rank.} 19. Qf2 a4
20. Nc5 e5 $5 {Black has had enough of being undeveloped and decides to return
the pawn in order to open the c8-h3 diagonal.} 21. Bf3 $6 {The exchange of the
light-squared bishops hardly constitutes part of White's main plan.} ({
Bringing the last piece into play with} 21. Re1 $5 {was probably better. Black
cannot capture on f4 because he would lose a piece to Bxc6, whereas after} f6 {
White can get his pawn back with} 22. Nxb7 Bxb7 23. Qb6 $11) ({It should be
said that the immediate} 21. Nxb7 $2 Bxb7 22. Qb6 {fails to} Ba6 $1 {attacking
the f1-rook.}) 21... Bg4 22. Bxg4 Qxg4 23. fxe5 {From Black's point of view,
the decision to agree to a draw is slightly premature. After 23...f6 White
would have had problems maintaining his stability.} 1/2-1/2